Zigaretten Marken Quiz - Statistiken

Allgemein
  • Dieses Quiz wurde 709 mal gespielt
  • Das Durchschnittsergebnis liegt bei 10 aus 71
Antwortstatistiken
Antwort % Korrekt
M
99%
Marlboro
81%
Camel
69%
Lucky Strike
60%
L & M
53%
Pall Mall
52%
Winston
39%
West
38%
Pueblo
37%
CHE
32%
Gauloises
32%
American Spirit
30%
Chesterfield
30%
HB
27%
PL 88
27%
JPS
22%
Davidoff
20%
John Player
16%
Benson & Hedges
15%
Ernte 23
15%
Pepe
14%
R1
12%
POWER
11%
Black Devil
10%
TAWA
10%
Vogue
10%
Reval
9%
Lord Extra
8%
Parliament
8%
Philip Morris
8%
Burton
6%
Cabinet
6%
Dunhill
6%
Peter Stuyvesant
6%
Roth Händle
6%
Afri
5%
Denim
5%
Fair Play
5%
Parisienne
5%
Ducal
4%
Elixyr
4%
MAGNUM
4%
Mark Adams No.1
4%
NIL
4%
P & S
4%
Prince
4%
R6
4%
Allure
3%
Austin
3%
Buffalo
3%
Duett
3%
Eve
3%
King
3%
LUX
3%
American Club
2%
Auslese
2%
Gitanes
2%
Manitou
2%
Atlantic
1%
Club
1%
Convent
1%
Corset
1%
Couture
1%
George MC Martin
1%
Las Vegas
1%
Mohawk
1%
Reyno
1%
Rothmans
1%
Dimitrino
0%
Mercedes de Luxé
0%
Silk Cut
0%
Keine übereinstimmenden Quizze gefunden
Verteilung der Resultate
Anzahl Personen mit jedem Resultat
Perzentil nach korrekt beantworteten Fragen
Ihre Resultats-Entwicklung
Sie haben dieses Quiz noch nicht gespielt